| 000 | 00938nam a2200229Ii 4500 | ||
|---|---|---|---|
| 003 | JO-AjNU | ||
| 008 | 230605s9999||||xx |||||||||||||| ||und|| | ||
| 017 | _a2021/1/610 | ||
| 020 | _a978-9923-29-067-5 | ||
| 040 |
_aJO-AjNU _bara _erda _cJO-AjNU |
||
| 041 | _aara | ||
| 050 | 1 | 4 | _aJC319.D35 2022 |
| 100 | 3 |
_aتأليف الدليمي، صبحي احمد، م.مشارك عبدالسلام عارف عبدالرزاق، م.مشارك عبدالله عكله رزيك الكبيسي, _eauthor _962963 |
|
| 245 | 0 | 0 | _aجغرافية السياسة |
| 250 | _aالطبعة الاولى | ||
| 264 | 3 | 1 | _aعمان: ابصار ناشرون وموزعون، 2022 |
| 300 |
_a216ص _bيحتوي على مراجع من ص215-216ص |
||
| 336 |
_atext _btxt _2rdacontent |
||
| 337 |
_aunmediated _bn _2rdamedia |
||
| 338 |
_avolume _bnc _2rdacarrier |
||
| 650 | 4 |
_aالجيوبولتيكا-الدولة-الجغرافيا السياسة _962964 |
|
| 999 |
_aA28536 _c32104 _d32104 |
||